Quiz o Wyspach Marshalla - Statystyki

Ogólne statystyki
  • Ten quiz został rozwiązany 645 razy
  • Średni wynik to 7 z 14
Statystyki odpowiedzi
Wskazówka Odpowiedź % Poprawnych
Języki urzędowe angielski
97%
Państwo, od którego Wyspy Marshalla uzyskały niepodległość w 1986 roku Stany Zjednoczone
90%
Państwo, które okupowało Wyspy Marshalla w latach 1914–1944 Japonia
89%
Podregion oceaniczny, którego częścią są Wyspy Marshalla Mikronezja
73%
Atol koralowy, na którym USA przetestowały 23 bomby atomowe Bikini
63%
Wyspy Marshalla mają drugą najniższą średnią _____ ze wszystkich państw, po Malediwach Wysokość n.p.m.
61%
Stolica Majuro
58%
Z tego powodu Wyspy Marshalla są często uważane za jednoz najbardziej zagrożonych państw tym zjawiskiem Zmiana klimatu
47%
Języki urzędowe marszalski
40%
Nieinkorporowane terytorium Stanów Zjednoczonych, będące przedmiotem roszczeń Wysp Marshalla, miejsca bitwy II wojny światowej Wake
29%
Technicznie rzecz biorąc, Wyspy Marshalla mają czwartą codo wielkości _____ handlową na świecie, z powodu używania jej jako wspólnej "taniej flagi". Marynarkę
28%
Nazwa największego atmosferycznego testu nuklearnego,jaki kiedykolwiek przeprowadziły Stany Zjednoczone Castle Bravo
25%
Największy na świecie stawonóg lądowy Krab {palmowy}
25%
Traktat, który ściśle wiąże Wyspy Marshalla z powyższym, umożliwiając ludziom swobodne przemieszczanie się między dwoma państwami Porozumienie o {wolnym} {stowarzyszeniu}
25%
Nie znaleziono quizów pasujących do podanych kryteriów
Rozkład punktacji
Procent ludzi z każdym wynikiem
Percentyl według liczby udzielonych odpowiedzi
Twoja historia wyników
Nie rozwiązałeś tego quizu